| 000 | 00513nam a22001817a 4500 | ||
|---|---|---|---|
| 008 | 230503b |||||||| |||| 00| 0 eng d | ||
| 020 | _a0-13-895442-9 | ||
| 040 |
_aNational Science Library _cNational Science Library |
||
| 080 |
_a681.7.068:621.39 _bN8 |
||
| 100 |
_aPalais, Joseph C _98254 |
||
| 245 | _aFiber optic communications | ||
| 250 | _a4th ed. | ||
| 260 |
_aNew Jersey: _bPrentice Hall, Inc., _c1998 |
||
| 300 | _aix, 342p. | ||
| 650 | _aIndustries | ||
| 653 | _aOptics | ||
| 942 |
_2udc _cREF |
||
| 999 |
_c26813 _d26813 |
||